banner-ar

صور من مدرسة بهزاد: فى المجموعات الفنية بالقاهرة / (Record no. 41180)

MARC details
000 -الفاتح
حقل البيانات ثابتة الطول 00607nam a2200193Ia 4500
008 - عناصر البيانات ثابتة الطول - معلومات عامة
حقل البيانات ثابتة الطول 140319s9999 xx 000 0 ara d
040 ## - مصدر الفهرسة
وكالة الفهرسة الأصلية GCL /
وكالة النسخ GCL
082 04 - رقم تصنيف ديوى العشرى
رقم التصنيف 709.766
رقم المادة م ص
100 1# - المدخل الرئيسى - إسم شخصى
الإسم الشخصى محمد مصطفى
245 10 - بيان العنوان
العنوان صور من مدرسة بهزاد: فى المجموعات الفنية بالقاهرة /
بيان المسئوليه,etc محمد مصطفى
300 ## - الوصف المادى
التعداد 34 ص
490 ## - بيان السلسلة
عنوان السلسلة سلسلة الينبوع الفضى
رقم المجلد/ التعيين التسلسلي 0
650 04 - المدخل الاضافى بالموضوع-مصطلح موضوعى
مصطلح موضوعي الفن
650 04 - المدخل الاضافى بالموضوع-مصطلح موضوعى
مصطلح موضوعي الفنون الاسلامية
650 04 - المدخل الاضافى بالموضوع-مصطلح موضوعى
مصطلح موضوعي الفن الايرانى
650 04 - المدخل الاضافى بالموضوع-مصطلح موضوعى
مصطلح موضوعي الفن الاسلامى
942 ## - عناصر المدخل الإضافي( كوها)
مصدر التصنيف او مخطط الترفيف Dewey Decimal Classification
Koha [default] item type كتاب
Holdings
حالة التراجع حالة الفقد حالة تلف ليس للاعارة المكان المؤقت الموقع الحالى تاريخ الاكتساب اجمالي اﻻعارات رقم الطلب الباركود تاريخ اخر مشاهدة تاريخ تفعيل السعر نوع وعاء كوها
        مكتبة القاهرة الكبرى مكتبة القاهرة الكبرى 03/26/2014   709.766\م ص 99190 03/26/2014 03/26/2014 كتاب

Powered By

EGPV